| 000 | 01200cam a2200301 i 4500 | ||
|---|---|---|---|
| 001 | bg | ||
| 003 | KOSZ 005 | ||
| 005 | 20191207091641.0 | ||
| 008 | 071113s1966 pl a f f 001 0 pol | ||
| 015 | _aPB 1966/7188 | ||
| 040 |
_aWA N _cKOSZ 005/HR _dKOSZ 005/HR |
||
| 080 | _a666 | ||
| 080 | _a678 | ||
| 080 | _a691 | ||
| 080 | _a(07) | ||
| 100 | 1 |
_aSkalmowski, Włodzimierz _d(1899-1980) _eAutor |
|
| 245 | 1 | 0 |
_aTechnologia materiałów budowlanych. _nT. 2, _pSztuczne materiały kamienne, mineralne materiały wiążące, tworzywa silikatowe, lepiszcza bitumiczne, bitumiczne materiały izolacyjne / _cWłodzimierz Skalmowski. |
| 246 | 3 | 0 | _aSztuczne materiały kamienne, mineralne materiały wiążące, tworzywa silikatowe, lepiszcza bitumiczne, bitumiczne materiały izolacyjne |
| 260 |
_aWarszawa : _b"Arkady", _c1966. |
||
| 300 |
_a454, [1] s. : _bil. ; _c25 cm. |
||
| 380 | _aKsiążki | ||
| 504 | _aBibliogr. przy rozdz. Indeks. | ||
| 650 | 4 | _aMateriały budowlane | |
| 655 | 4 | _aPodręcznik | |
| 710 | 2 |
_aWydawnictwo "Arkady". _4pbl. |
|
| 856 |
_uhttp://koha.tu.koszalin.pl/cgi-bin/koha/opac-detail.pl?biblionumber=11743 _yKatalog online BPK |
||
| 942 |
_2UKD _cKS |
||
| 999 |
_c11743 _d11743 |
||